000 00608nam a2200217Ia 4500
008 191130s2007##################000#0#eng##
020 _a9780073217093
022 _a2006277195
040 _aACL
_cACL
082 _a650.01513 WHI
100 _aWhite, Mark A
245 _aFinancial analysis with an electronic calculator
_cMark A. White
250 _a6th ed
260 _aNew York, NY
_bMcGraw-Hill/Irwin
_cc2007
300 _a167 p. : ill. ; 26 cm
650 _aBusiness mathematics
650 _aCalculators
990 _ac139c839ac10000c226b6e3aec7f7e20
991 _a357516
999 _c183587
_d183587